LIBRARY & INFORMATION CENTRE, KCAET, TAVANUR

ONLINE PUBLIC ACCESS CATALOGUE (OPAC)

Paristhithi vijnanathinte moolathathwangal / (Record no. 6241)

MARC details
000 -LEADER
fixed length control field 00587cam a2200229ua 4500
041 ## - LANGUAGE CODE
Language code of text/sound track or separate title mal
082 ## - DEWEY DECIMAL CLASSIFICATION NUMBER
Classification number 574.5
Item number SAN/PA
100 ## - MAIN ENTRY--AUTHOR NAME
Personal name Sankaran unni, K .
245 ## - TITLE STATEMENT
Title Paristhithi vijnanathinte moolathathwangal /
250 ## - EDITION STATEMENT
Edition statement 1 /
260 ## - PUBLICATION, DISTRIBUTION, ETC. (IMPRINT)
Place of publication Thiruvananthapuram :
Name of publisher State Instititute of Languages ,
Year of publication 1974.
300 ## - PHYSICAL DESCRIPTION
Number of Pages 232 ; .
942 ## - ADDED ENTRY ELEMENTS (KOHA)
Koha item type Books
Holdings
Withdrawn status Lost status Damaged status Home library Current library Date acquired Full call number Accession Number Koha item type
      KAUAET KAUAET 07/04/2012 574.5 SAN/PA 13743 Books
      KAUAET KAUAET 07/04/2012 574.5 SAN/PA 13745 Books
Withdrawn     KAUAET KAUAET 07/04/2012 574.5 SAN/PA 13744 Books
      KAUAET KAUAET 07/04/2012 574.5 SAN/PA 13747 Books
      KAUAET KAUAET 07/04/2012 574.5 SAN/PA 13746 Books
free website counter